Il principe.
Saved in:
| Hovedforfatter: | |
|---|---|
| Andre forfattere: | , |
| Format: | Bog |
| Udgivet: |
Torino, Italia:
Giulio Einaudi editoire,
1961.
|
| Serier: | Nuova Universale Einaudi,
|
| Fag: | |
| Tags: |
Tilføj Tag
Ingen Tags, Vær først til at tagge denne postø!
|
MARC
| LEADER | 00000nam a22000007a 4500 | ||
|---|---|---|---|
| 003 | CL-VaPUC | ||
| 005 | 20220822114636.0 | ||
| 008 | 220718t1961 ||||| |||| 00| 0 eng d | ||
| 999 | |c 437156 |d 437154 | ||
| 020 | |a 88-06-00604-5 | ||
| 040 | |c Pontificia Universidad Católica de Valparaíso | ||
| 082 | 7 | |a 320.01 MAC 1961 |2 22 | |
| 100 | 1 | |a Machiavelli, Niccolò |e autore |9 873138 | |
| 245 | 1 | 3 | |a Il principe. |
| 260 | |a Torino, Italia: |b Giulio Einaudi editoire, |c 1961. | ||
| 300 | |a 134 páginas. | ||
| 490 | |a Nuova Universale Einaudi, |n 4. | ||
| 500 | |a c.1 Donación Familia Prof. Alejandro Guzmán Brito | ||
| 583 | |c 20220718 |k Cristina María Rojas Aguilar | ||
| 650 | |a Ciencias políticas |9 255201 | ||
| 650 | |a Etica política |9 255799 | ||
| 700 | |a Chabod, Federico |e introduzione e note |9 873139 | ||
| 700 | |a Firpo, Luigi |e editor |9 873140 | ||
| 942 | |2 ddc |c BK |n 0 | ||
| 952 | |0 0 |1 0 |2 ddc |4 0 |6 320_010000000000000_MAC_1961 |7 0 |8 C_AGB |9 584906 |a BIBDER |b BIBDER |d 2022-07-18 |e Donación |i 5653021 |o 320.01 MAC 1961 |p 5653021 |r 2023-01-25 |t 1 |w 2022-07-18 |y BK_US |k AGB | ||